000 00506nam a2200157 a 4500
001 000040078
005 20201002033914.0
008 130806s1981 sp 000 0 spa d
020 _a8431613157
040 _aDO-SdBNP
_bspa
_cBNPHU
245 0 0 _aAntología de la literatura española :
_bsiglos X-XX /
_cintroducción y selección por Martín de Riquer.
250 _a7a. ed.
260 _aBarcelona :
_bVicens-Vives,
_c1981.
300 _a281 p. ;
_c25 cm.
700 1 _aRiquer, Martí de,
_d1914-
_eed.
_966336
999 _c39568
_d39568